Business communication : (Record no. 211090)
[ view plain ]
| 000 -LEADER | |
|---|---|
| fixed length control field | 01009nam a2200289Ia 4500 |
| 003 - CONTROL NUMBER IDENTIFIER | |
| control field | OSt |
| 005 - DATE AND TIME OF LATEST TRANSACTION | |
| control field | 20220211113112.0 |
| 008 - FIXED-LENGTH DATA ELEMENTS--GENERAL INFORMATION | |
| fixed length control field | 210716s2016 xx 000 0 und d |
| 020 ## - INTERNATIONAL STANDARD BOOK NUMBER | |
| International Standard Book Number | 9789351342960 |
| 040 ## - CATALOGING SOURCE | |
| Transcribing agency | AIMIT LIBRARY |
| 041 ## - LANGUAGE CODE | |
| Language code of text/sound track or separate title | eng |
| 082 ## - DEWEY DECIMAL CLASSIFICATION NUMBER | |
| Classification number | 651.7 |
| Edition number | 13 |
| Item number | LESR |
| 100 ## - MAIN ENTRY--PERSONAL NAME | |
| Personal name | Lesikar, Raymond V. |
| 9 (RLIN) | 19253 |
| 245 ## - TITLE STATEMENT | |
| Title | Business communication : |
| Remainder of title | connecting in a digital world / |
| Statement of responsibility, etc. | By Raymond V. Lesikar...[et al.] |
| 250 ## - EDITION STATEMENT | |
| Edition statement | 13th ed. |
| Remainder of edition statement | Special Indian Edition |
| 260 ## - PUBLICATION, DISTRIBUTION, ETC. | |
| Place of publication, distribution, etc. | New Delhi : |
| Name of publisher, distributor, etc. | Tata McGraw Hill Education Private Limited , |
| Date of publication, distribution, etc. | 2016. |
| 300 ## - PHYSICAL DESCRIPTION | |
| Extent | xxxvii, 772p. ; |
| Dimensions | 24 cm. |
| 650 ## - SUBJECT ADDED ENTRY--TOPICAL TERM | |
| Topical term or geographic name entry element | Business Communication |
| 9 (RLIN) | 19254 |
| 650 ## - SUBJECT ADDED ENTRY--TOPICAL TERM | |
| Topical term or geographic name entry element | Fundamentals of Business Writing |
| 9 (RLIN) | 19255 |
| 650 ## - SUBJECT ADDED ENTRY--TOPICAL TERM | |
| Topical term or geographic name entry element | Basic Patterns of Business Messages |
| 9 (RLIN) | 19256 |
| 650 ## - SUBJECT ADDED ENTRY--TOPICAL TERM | |
| Topical term or geographic name entry element | Oral Forms of Business Communication |
| 9 (RLIN) | 19257 |
| 700 ## - ADDED ENTRY--PERSONAL NAME | |
| Personal name | Flatley, Marie E. |
| 9 (RLIN) | 19258 |
| 700 ## - ADDED ENTRY--PERSONAL NAME | |
| Personal name | Rentz, Kathryn. |
| 9 (RLIN) | 19259 |
| 700 ## - ADDED ENTRY--PERSONAL NAME | |
| Personal name | Lentz, Paula. |
| 9 (RLIN) | 19260 |
| 700 ## - ADDED ENTRY--PERSONAL NAME | |
| Personal name | Pande, Neerja. |
| 9 (RLIN) | 19261 |
| 942 ## - ADDED ENTRY ELEMENTS (KOHA) | |
| Source of classification or shelving scheme | Dewey Decimal Classification |
| Koha item type | Book |
| Edition | 13th |
| Call number prefix | 651.7 LESR |
| Withdrawn status | Lost status | Source of classification or shelving scheme | Damaged status | Not for loan | Collection code | Home library | Current library | Date acquired | Cost, normal purchase price | Inventory number | Total Checkouts | Full call number | Barcode | Date last seen | Cost, replacement price | Price effective from | Koha item type |
|---|---|---|---|---|---|---|---|---|---|---|---|---|---|---|---|---|---|
| Dewey Decimal Classification | MBA | St Aloysius Institute of Management & Information Technology | St Aloysius Institute of Management & Information Technology | 03/13/2019 | 745.00 | Bill no:5387; Bill dt:2019-03-11 | 651.7 LESR | MBA13658 | 05/23/2026 | 596.00 | 07/16/2021 | Book |